000
00285nam a22001097a 4500
082
_a
954
100
_a
Malhotra,Raj
_9
82634
245
_a
A History Modern India For UPSC and State Civil Services Examinations
260
_a
Delhi
_b
Pearson
_c
2024
650
_a
History
942
_c
C. BOOKS
999
_c
67304
_d
67304